Plan maestro ambiental área central de San Marcos

Esta tesina, presenta un estudio del área de la ciudad de San Marcos, donde se refleja el estado actual y las potencialidades del área. En base a este estudio se presenta el Plan Maestro Ambiental el cual brinda alternativas de mejoramiento de la ciudad de San Marcos, mediante la recuperación de...

Full description

Bibliographic Details
Main Author: Benavente González, Pablo Javier
Other Authors: Tutor: Mendoza Velásquez, Francisco Antonio
Format: Tesis Section = Libro
Language:Undetermined
Spanish
Published: Managua UNI 1998
Subjects:
LEADER 01278nam a2200229Ia 4500
008 240830s9999 xx 000 0 und d
040 |a BIBLIOTECA-RUSB/ T.Mon 711.37285164 B456 
041 |a spa 
082 |a T.Mon 711.37285164 B456 
100 1 |a Benavente González, Pablo Javier 
245 1 0 |a Plan maestro ambiental área central de San Marcos 
260 |a Managua  |b UNI  |c 1998 
300 |a 111 p. :il. 
502 |a Tesis (Arquitecto) - UNI, 1998. 
520 3 |a Esta tesina, presenta un estudio del área de la ciudad de San Marcos, donde se refleja el estado actual y las potencialidades del área. En base a este estudio se presenta el Plan Maestro Ambiental el cual brinda alternativas de mejoramiento de la ciudad de San Marcos, mediante la recuperación de la imagen histórica y del patrimonio por medio de la preservación de edificios y en otros casos renovación de los mismos. Además presenta propuesta de acción que la municipalidad puede ejecutar. 
650 7 |a PLANES Y PLANIFICACIÓN INTERESTATAL - ESTATAL - PROVINCIAL Y DEPARTAMENTAL SAN MARCOS 
650 7 |b  URBANISMO 
650 7 |c  CONSERVACIÓN Y PROTECCIÓN DEL MEDIO AMBIENTE 
700 1 |a Tutor:  |b Mendoza Velásquez, Francisco Antonio 
942 |c BK  |2 ddc 
991 |a TESIS 
999 |c 21977